| 000 | 00634aas a2200193 4500 | ||
|---|---|---|---|
| 999 |
_c63498 _d63498 |
||
| 001 | 768714001 | ||
| 003 | CO-MdFUSB | ||
| 005 | 20171025123528.0 | ||
| 008 | 171025s2010 ck ||||| |||| 00| 0 spa d | ||
| 022 | _a2145-8197 | ||
| 040 |
_aCO-MdFUSB _bspa _cCO-MdFUSB _dCO-MdFUSB |
||
| 041 | _aspa | ||
| 245 | 0 |
_aSe Conocen las Masacres Paramilitares _c/ El Tiempo |
|
| 300 |
_aNúmero 8 (2010), páginas 22-23 _c: 28 cm. |
||
| 520 | 1 | _aCampesinos y supuestos guerrilleros son asesinados a sangre fría en varios pueblos. | |
| 650 | 1 | 4 | _aHISTORIA |
| 773 | 0 |
_tdk100 _049432 _959931 _gNúmero 8 (2010), páginas 22-23 _qPágina 22 |
|
| 942 | _cANA | ||